[Event "IND-ch U15 48th"]
[Site "Jalgaon"]
[Date "2023.12.28"]
[Round "2"]
[White "Ankit, Ray"]
[Black "Swastik, Singhal"]
[Result "1/2-1/2"]
[WhiteElo "1898"]
[BlackElo "1611"]
[PlyCount "64"]
[EventDate "2023.12.27"]
[EventType "swiss"]
[EventRounds "11"]
[EventCountry "IND"]
[SourceTitle "CB02_2024"]
[SourceDate "2024.01.10"]
[SourceVersion "1"]
[SourceVersionDate "2024.01.10"]
[SourceQuality "1"]

1. Nf3 Nf6 2. g3 d5 3. Bg2 e6 4. 0-0 Be7 5. c4 0-0 6. b3 c5 7. cxd5 Nxd5 8. Bb2 Nc6 9. d4 Bf6 10. e4 Nb6 11. e5 Be7 12. dxc5 Bxc5 13. Qc2 Qe7 14. a3 Rd8 15. Nbd2 Nd5 16. Rfd1 h6 17. Ne4 Bb6 18. h4 Bc7 19. b4 Bd7 20. Nc5 b6 21. Rxd5 exd5 22. Nxd7 Qxd7 23. Rc1 Bxe5 24. Bxe5 Rac8 25. Qd2 d4 26. Bf4 d3 27. Be3 Ne7 28. Rxc8 Qxc8 29. Ne1 Ng6 30. f4 Qg4 31. Kf2 Ne7 32. Be4 Nf5 1/2-1/2

[Event "Asia-ch Rapid U20"]
[Site "Jamshedpur"]
[Date "2023.09.08"]
[Round "2"]
[White "Panda, Sambit"]
[Black "Ankit, Ray"]
[Result "1/2-1/2"]
[WhiteElo "2262"]
[BlackElo "1578"]
[PlyCount "79"]
[EventDate "2023.09.08"]
[EventType "swiss (rapid)"]
[EventRounds "9"]
[EventCountry "IND"]
[SourceTitle "EXT 2024"]
[Source "ChessBase"]
[SourceDate "2023.10.10"]
[SourceVersion "1"]
[SourceVersionDate "2023.10.10"]
[SourceQuality "1"]

1. d4 d5 2. Nf3 Nf6 3. Bf4 e6 4. e3 c5 5. Nbd2 Nc6 6. c3 Be7 7. Bd3 0-0 8. Ne5 Nd7 9. h4 Ndxe5 10. dxe5 f6 11. Nf3 fxe5 12. Nxe5 Nxe5 13. Bxe5 Bf6 14. Qh5 h6 15. Bf4 Qe8 16. Qxe8 Rxe8 17. Bg6 Rd8 18. 0-0-0 e5 19. Bg3 Be6 20. h5 d4 21. exd4 cxd4 22. cxd4 Bxa2 23. dxe5 Rac8+ 24. Bc2 Bb3 25. exf6 Rxc2+ 26. Kb1 Rxd1+ 27. Rxd1 Rxb2+ 28. Kxb2 Bxd1 29. fxg7 Kxg7 30. Be5+ Kf7 31. Bd4 b6 32. Be3 Kg7 33. f3 Be2 34. Kc3 Bf1 35. g4 Be2 36. g5 Bxf3 37. gxh6+ Kh7 38. Kb4 Be2 39. Ka4 Bxh5 40. Bxb6 1/2-1/2

[Event "Asia-ch Rapid U20"]
[Site "Jamshedpur"]
[Date "2023.09.08"]
[Round "9"]
[White "Rohith, S2222"]
[Black "Ankit, Ray"]
[Result "1-0"]
[WhiteElo "1678"]
[BlackElo "1578"]
[PlyCount "123"]
[EventDate "2023.09.08"]
[EventType "swiss (rapid)"]
[EventRounds "9"]
[EventCountry "IND"]
[SourceTitle "EXT 2024"]
[Source "ChessBase"]
[SourceDate "2023.10.10"]
[SourceVersion "1"]
[SourceVersionDate "2023.10.10"]
[SourceQuality "1"]

1. e4 c5 2. Nf3 e6 3. c3 d5 4. exd5 Qxd5 5. Na3 a6 6. Bc4 Qd8 7. 0-0 Nf6 8. Nc2 b5 9. Be2 Bb7 10. d4 Nc6 11. Be3 Nd5 12. Bg5 Be7 13. Be3 0-0 14. a4 c4 15. Nd2 Qc7 16. Bf3 Bd6 17. g3 Nce7 18. Ne4 Nf5 19. Nxd6 Nxd6 20. Re1 Bc6 21. a5 Nb7 22. Bxd5 Bxd5 23. Nb4 Nxa5 24. Bf4 Qb6 25. Qg4 f5 26. Nxd5 exd5 27. Qf3 Rad8 28. Re5 Nb3 29. Rae1 b4 30. Re7 Qg6 31. h3 bxc3 32. bxc3 a5 33. R1e6 Rf6 34. Qe3 Rdf8 35. Bg5 f4 36. Bxf4 a4 37. Rxf6 Qxf6 38. Ra7 Qg6 39. Be5 Re8 40. Qf3 Qb1+ 41. Kh2 Qg6 42. Qxd5+ Kh8 43. Rxg7 Qxg7 44. Bxg7+ Kxg7 45. Qd7+ Kf8 46. Qxa4 Nd2 47. Qc6 Re2 48. Qc8+ Re8 49. Qf5+ Kg8 50. Qg5+ Kh8 51. Qxd2 h5 52. Qh6+ Kg8 53. Qxh5 Rf8 54. Qg6+ Kh8 55. f4 Ra8 56. Qf6+ Kg8 57. Qg5+ Kh8 58. Qh5+ Kg7 59. f5 Ra2+ 60. Kg1 Ra1+ 61. Kf2 Ra2+ 62. Ke3 1-0